Por qué la Casa Provincial de Caridad edita la Hoja del Lunes
Descripción Física:
[10] f. ; 25 cm
Materias:
Hoja del lunes (Diari)
MARC
| LEADER | 00000nam a2200000Ia 4500 | ||
|---|---|---|---|
| 001 | 9208 | ||
| 008 | 160829s9999 xx 000 0 cat d | ||
| 080 | |a FU-10-5 | ||
| 245 | |a Por qué la Casa Provincial de Caridad edita la Hoja del Lunes | ||
| 260 | |a Barcelona : |b (Casa P. de Caridad, Imprenta - Escuela), [1940] | ||
| 300 | |a [10] f. ; |c 25 cm | ||
| 590 | |a Prové de Q-369, exp. 7. Hi ha un duplicat amb R. 11434 a: DUP-21-45. | ||
| 650 | |a Hoja del lunes (Diari) |9 47175 | ||
| 710 | |a Casa de Caritat (Barcelona, Catalunya) |9 52406 | ||
| 710 | |a Casa de Caritat (Barcelona, Catalunya) |9 52406 | ||
| 901 | |a Arxiu | ||
| 942 | |n 1 | ||
| 952 | |0 0 |1 0 |4 0 |6 FU105 |7 1 |9 53720 |a Arxiu |b Arxiu |d 2016-12-01 |l 0 |o FU-10-5 |p 9208 |r 2016-12-01 00:00:00 |w 2016-12-01 |y ARXIU | ||
| 999 | |c 57586 |d 57586 | ||